| 000 | 01968nam a2200349 c 4500 | ||
|---|---|---|---|
| 003 | BLK | ||
| 005 | 20180420215408.0 | ||
| 008 | 180413b bul|||||r ||||||| ||bul|| | ||
| 010 | _aKNG00020862000 | ||
| 020 |
_a954-584-207-5 _bиздат.: Абагар |
||
| 040 | _aBLK | ||
| 041 |
_aBUL _cBUL |
||
| 080 |
_aРазпространяване на научните знания - популяризиране на науката, занимателна наука, учение за явленията научно необяснени, заблуждения и фалшификации, илюзии и др. п., секретност на научните знания _b001.9 _x _z001.9 |
||
| 080 |
_aПарапсихология. Нумерология. - Халюцинации, пророчества, предсказания, магии, демонология, телепатия, спиритизъм, илюзии, нумерология, мошеничество. Вж и 133 ; 398.4 ; 615.851 _b159.961 _x _z159.961 |
||
| 100 | 1 |
_aРандълс, Джени _eпърви автор _9115245 |
|
| 700 | 1 |
_aХъф, Питър _eсъавт. _9263174 |
|
| 139 |
_aРандълс, Джени и др. _bР 35 |
||
| 245 | 1 | 0 |
_aЕнциклопедия на свръхестествените явления _cДжени Рандълс; съавт. Питър Хъф. |
| 257 | _aUSA | ||
| 260 |
_аСофия _bАбагар _c1998 _fМясто на печат: Враца Име на печатница: Полипринт |
||
| 300 |
_a288 с. _bс ил. _c24 см |
||
| 380 | _a0 | ||
| 500 | _aДеп. списък: 8 Без сведение за ориг. загл ; 1 120 тир. | ||
| 650 | 4 |
_aПарапсихология _9165687 |
|
| 650 | 4 |
_aИзвънземни цивилизации _9242018 |
|
| 653 | _aявления | ||
| 852 | _aЦб 195083 | ||
| 856 | 4 |
_qpdf _u |
|
| 856 | 4 |
_qpdf _u |
|
| 942 |
_cKNG _n0 |
||
| 944 |
_aCR _c15.01.2003 _kКети_Илиева |
||
| 944 |
_aED _c07.11.2012 _k |
||
| 999 |
_c18785 _d18785 |
||